Etiqueta de registo: 00254nam 2200025 450
001 2277046
003 http://id.bnportugal.gov.pt/bib/catbnp/2277046
021 ## $aPT$b540471/24
100 ## $a20260306d2024 m y0pory01030103ba
101 0# $apor
102 ## $aPT
105 ## $ay z 000gy
106 ## $ar
200 1# $a A alma não tem nome$fCecília Franco de Sousa$gcoord. Carlos Manuel Ferreira Carvalho
210 #9 $a[S.l.]$cCecília Franco de Sousa,$d2024
215 ## $a269 p.$d23 cm
675 ## $a821.134.3-1"20"$vBN$zpor$31023893
700 #1 $aSousa,$bCecília Franco de,$f1942-$31989524
702 #1 $aCarvalho,$bCarlos Manuel Ferreira de$4340$336916
801 #0 $aPT$bBN$gRPC
856 41 $uhttp://rnod.bnportugal.gov.pt/ImagesBN/winlibimg.aspx?skey=&doc=2277046&img=220930&save=true
900 ## $aBIBNAC$d20260408
966 ## $lBN$mFGMON$sL. 181221 V.$x1
966 ## $lBN$mFGMON$sL. 181221 V.-D$x1
971 ## $cisantos$d20260306
972 ## $e0$z0$d20260408$vasantos
973 ## $ctrodrigues$d20260330